000 00631nam a2200229Ia 4500
003 OSt
005 20221007065513.0
006 a|||||r|||| 00| 0
007 ta
008 221006b |||||||| |||| 00| 0 eng d
024 _a22,311
037 _cReference Collections
040 _aFLL
_cFLL
_beng
041 _2eng
_aeng
082 _aZ2,3, M0
100 _aKulshreshtha V. D.
_9242124
245 0 _aIndian contract act, 1872
260 _aFaridabad
_bAllahabad Law Agency India
_c1980
300 _a774p
_ccm.
942 _hZ2,3, M0
_cREF
_2CC
999 _c1137492
_d1137492